• 首页
  • 本馆介绍
  • 公告通知
  • 最新文献
  • 馆藏检索
  • 电子资源
  • 读者导购
  • 参考咨询
  • 我的图书馆
  • 登录
  • 详细信息显示
  • 放入我的书架
  • 预约/预借图书
  • 作者相关作品
  • 分类相关作品
  • 丛书相关作品
  • 出版社相关作品

书目信息

  • 表格格式
  • 工作单格式
  • 卡片格式
题名:
合金状态图简明读本
    
 
作者: 横山亨 著 ;刘湖 译
分册:  
出版信息: 北京   冶金工业出版社  1982.3
页数: 210页
开本: 20cm
丛书名:
单 册:
中图分类: TG113.14
科图分类:
主题词: 金属学 , 物理冶金学
电子资源:
ISBN:
000 00587nam0 2200205 45
001 0312221749
005 20051231150533.81
010    @dCNY0.70
100    @a20031222d1982 km y0chiy0120 ea
101    @achi
200 1  @a合金状态图简明读本@AHe Jin Zhuang Tai Tu Jian Ming Du Ben@f(日)横山亨著@F(Ri)Heng Shan Heng Zhu@g刘湖译
210    @a北京@c冶金工业出版社@d1982.3
215    @a210页@d20cm
606 0  @a金属学
606 0  @a物理冶金学
690    @aTG113.14@v3
701 0  @a横山亨@Aheng shan heng@4著
702 0  @a刘湖@4译
801    @aCN@bTSTCL@c20051231
905    @a213230@dTG113.14@e7
    
    合金状态图简明读本/(日)横山亨著/刘湖译.-北京:冶金工业出版社,1982.3
    210页;20cm
    
    
    ISBN :CNY0.70
    
●
相关链接 在E读中查询图书 在五车中查询图书 在当当中查询图书 在豆瓣中查询图书


正题名:合金状态图简明读本     索取号:TG113.14/7         预约/预借

序号 登录号 条形码 馆藏地/架位号 状态 备注
1 0149673   202184019   密集书库/ [索取号:TG113.14/7] 在馆    
2 0149674   202184509   密集书库/ [索取号:TG113.14/7] 在馆    
3 0149675   202184466   密集书库/ [索取号:TG113.14/7] 在馆    
唐山师范学院图书馆 欢迎您!
大连网信软件有限公司© 版权所有